00345nam a2200145Ia 4500008004100000084001200041100002000053245003300073250002000106260000900126260000900135260001100144300000900155500003500164180424s9999 xx 000 0 und d aT10 T77 a"Thothathiri, " 0aTamil Navalgal Sila Aayvukal a\\198800TAMGPSX aNCBH b1988 cMadras a151p aincludes index and biblioraphy